Catálogo
 En Linea

La caida del liberalismo amarillo : (Registro nro. 13959)

Detalles MARC
000 -CABECERA
campo de control de longitud fija 00843cam a2200253 i 4500
001 - NÚMERO DE CONTROL
campo de control 000014367
005 - FECHA Y HORA DE LA ÚLTIMA TRANSACCIÓN
campo de control 20200929163607.0
008 - DATOS DE LONGITUD FIJA--INFORMACIÓN GENERAL
campo de control de longitud fija 801007s1977 ve a b 000 0 spa
010 ## - NÚMERO DE CONTROL DE LA BIBLIOTECA DEL CONGRESO
Número de control de LC 80124725
040 ## - FUENTE DE LA CATALOGACIÓN
Centro catalogador/agencia de origen DO-SdBNP
Centro/agencia transcriptor DLC
Centro/agencia modificador DLC
043 ## - CÓDIGO DE ÁREA GEOGRÁFICA
Código de área geográfica s-ve---
050 00 - SIGNATURA TOPOGRÁFICA DE LA BIBLIOTECA DEL CONGRESO
Número de clasificación F2325.P26
Número de documento/Ítem V44 1977
082 00 - NÚMERO DE LA CLASIFICACIÓN DECIMAL DEWEY
Número de clasificación 987/.06/0924
Número de edición 19
100 1# - ENTRADA PRINCIPAL--NOMBRE DE PERSONA
Nombre de persona Velasquez, Ramon J.
9 (RLIN) 6716
245 13 - MENCIÓN DE TÍTULO
Título La caida del liberalismo amarillo :
Resto del título tiempo y drama de Antonio Paredes /
Mención de responsabilidad, etc. Ramon J. Velasquez.
250 ## - MENCIÓN DE EDICIÓN
Mención de edición 3. ed.
260 ## - PUBLICACIÓN, DISTRIBUCIÓN, ETC.
Lugar de publicación, distribución, etc. Caracas :
Nombre del editor, distribuidor, etc. [s.n.],
Fecha de publicación, distribución, etc. 1977.
300 ## - DESCRIPCIÓN FÍSICA
Extensión xxvii, 380 p. :
Otras características físicas ill. ;
Dimensiones 22 cm.
490 0# - MENCIÓN DE SERIE
Mención de serie Biblioteca de autores y temas tachirenses ; 76
504 ## - NOTA DE BIBLIOGRAFÍA, ETC.
Nota de bibliografía, etc. Bibliography: p. 375-380.
600 10 - PUNTO DE ACCESO ADICIONAL DE MATERIA--NOMBRE DE PERSONA
Nombre de persona Paredes, Antonio,
Fechas asociadas al nombre 1869-1907.
9 (RLIN) 32442
651 #0 - PUNTO DE ACCESO ADICIONAL DE MATERIA--NOMBRE GEOGRÁFICO
Nombre geográfico Venezuela
Subdivisión general History
Subdivisión cronológica 1830-1935.
9 (RLIN) 32443
600 10 - PUNTO DE ACCESO ADICIONAL DE MATERIA--NOMBRE DE PERSONA
Nombre de persona Castro, Cipriano,
Fechas asociadas al nombre 1856?-1924.
9 (RLIN) 32444
Existencias
Estado de retiro Estado de pérdida Restricciones de uso No para préstamo Código de colección Localización permanente Ubicación/localización actual Ubicación en estantería Fecha de adquisición Número de inventario Total de préstamos Signatura topográfica completa Código de barras Fecha visto por última vez Precio válido a partir de Tipo de ítem Koha
    Préstamo interno   Monografías: Libros y Folletos General General En catalogación 10.12.2009 LF1   987/.06/0924 14367-10 25.06.2020 25.06.2020 Préstamo interno

Con tecnología Koha